| 000 | 01849cam a22003734a 4500 | ||
|---|---|---|---|
| 999 |
_c12721 _d12721 |
||
| 001 | 13210211 | ||
| 005 | 20181003101156.0 | ||
| 008 | 030523m20049999njua 001 0 eng | ||
| 010 | _a 2003053481 | ||
| 020 | _a0471370991 (pt. 1 : acidfree paper) | ||
| 020 | _a047146435X (pt. 1 : pbk. : acidfree paper) | ||
| 020 | _a0471464368 (pt. 2 : pbk. : acidfree paper) | ||
| 020 | _a0471464376 (pt. 3 : pbk. : acidfree paper) | ||
| 020 | _a0471464384 (pt. 4 : pbk. : acidfree paper) | ||
| 040 |
_aDLC _cDLC _dDLC |
||
| 042 | _apcc | ||
| 050 | 0 | 0 |
_aQC23.2 _b.U54 2004 |
| 082 | 0 | 0 |
_a530 _221 |
| 245 | 0 | 0 |
_aUnderstanding physics / _cKaren Cummings ... [et al.] ; guest author, Edwin F. Taylor [and] additional members of Activity Based Physics Group, David R. Sokoloff, Ronald K. Thornton. |
| 260 |
_aHoboken, NJ : _bWiley, _cc2004- |
||
| 300 |
_av. <1-4 > : _bcol. ill. ; _c28 cm. |
||
| 500 | _a"Based on Fundamentals of physics by David Halliday, Robert Resnick, and Jearl Walker." | ||
| 500 | _aIncludes indexes. | ||
| 650 | 0 | _aPhysics. | |
| 700 | 1 | _aCummings, Karen. | |
| 700 | 1 |
_aHalliday, David, _d1916- _tFundamentals of physics. |
|
| 856 | 4 | 2 |
_3Publisher description _uhttp://www.loc.gov/catdir/description/wiley039/2003053481.html |
| 856 | 4 | 1 |
_3Table of contents _uhttp://www.loc.gov/catdir/toc/wiley032/2003053481.html |
| 942 |
_2lcc _cBOOKS _hQC 23.2 .U54 2004 |
||